Skinning the skunk - facing Zimbabwean futures
Salvato in:
| Autore principale: | |
|---|---|
| Altri autori: | |
| Natura: | Libro |
| Pubblicazione: |
Uppsala :
Nordiska Afrikainstitutet,
2005.
|
| Soggetti: | |
| Tags: |
Aggiungi Tag
Nessun Tag, puoi essere il primo ad aggiungerne!!
|
MARC
| LEADER | 00000nam a2200000 4500 | ||
|---|---|---|---|
| 020 | |a 9789171065520 |c Tzs 5000/= | ||
| 020 | |a 9789171065537 | ||
| 020 | |a 9171065520 | ||
| 020 | |a 9171065539 | ||
| 040 | |a MUL | ||
| 082 | |a 320.0968 SKI | ||
| 100 | |a Palmberg, Mai | ||
| 245 | |a Skinning the skunk - facing Zimbabwean futures |c / Mai Palmberg, and Ranka Primorac | ||
| 260 | |a Uppsala : |b Nordiska Afrikainstitutet, |c 2005. | ||
| 300 | |a 39 p. : |b ill.; |c 25 cm. | ||
| 650 | |a Zimbabweans | ||
| 650 | |a Conference papers and proceedings | ||
| 650 | |a Zimbabweans Great Britain Congresses | ||
| 650 | |a Intellectual life | ||
| 650 | |a Conference papers and proceedings | ||
| 700 | |a Palmberg, Mai [Editor] | ||
| 942 | |c BK | ||
| 999 | |c 10475 |d 10475 | ||